000 01114nam a2200265 a 4500
001 82361
003 BD-RjUL
005 20231128121853.0
008 231128s2022 bg ||||| m||| 00| 0 eng d
035 _a(BD-RjUL)82361
040 _aBD-RjUL
_beng
_cBD-RjUL
_dBD-RjUL
041 _aeng
082 _223
_a372.095492
_bRAE 2022
100 _aRAZZAK, MD. ABDUR
_910220
245 _aEXPLORING FOLK ELEMENTS IN PRIMARY EDUCATION OF BANGLADESH /
_cMD. ABDUR RAZZAK
_6Supervisor : Md. Abdul Hasan Chowdhury Co-Supervisor : Happy Kumar Das & Md. Habibur Rahman
260 _aRajshahi :
_bInstitute of Education and Research (IER), University of Rajshahi,
_c2022
300 _a[3], xiii, 140 leaves ;
_c29 cm.
502 _aThesis(M.Phil.)-- Institute of Education and Research (IER), University of Rajshahi,2022
504 _aReferences : Leaves 116-130
650 _aPrimary Education
_xFolk Elements
_zBangladesh
_910221
700 _aChowdhury, Md. Abdul Hasan, Supervisor
_910222
700 _aDas, Happy Kumar, Co-Supervisor
_910223
700 _aRahman, Md. Habibur, Co-Supervisor
_910224
942 _2ddc
_cTHE
999 _c82361
_d82361